| 000 | 00646nam a22002177a 4500 | ||
|---|---|---|---|
| 999 |
_c186242 _d186242 |
||
| 005 | 20220218143612.0 | ||
| 010 | _aENG-131678 | ||
| 020 |
_a9788194878124 _c397.00 |
||
| 035 | _aEN-115210 | ||
| 037 | _bDBAD | ||
| 082 | _a530 | ||
| 100 | _aAnjaneyulu, T. | ||
| 245 |
_aApplied Physics/ _cT. Anjaneyulu et.al. |
||
| 260 |
_aHyderabad _bSpectrum Educational Books _c2021 |
||
| 270 |
_a# 326/C, Level-2, Surneni Nilayam Near B K Guda Park, S R Nagar _bHyderabad _e500038 |
||
| 300 |
_axvi, 432p. _c24cm(pbk) |
||
| 700 | _aNeeraja, K. | ||
| 700 | _aGiridhar, N. | ||
| 700 | _aBabu, K. Ephraim | ||
| 942 |
_2ddc _cEN _h530 _mANJ |
||